<?xml version="1.0" encoding="UTF-8"?>
<record
    xmlns:xsi="http://www.w3.org/2001/XMLSchema-instance"
    xsi:schemaLocation="http://www.loc.gov/MARC21/slim http://www.loc.gov/standards/marcxml/schema/MARC21slim.xsd"
    xmlns="http://www.loc.gov/MARC21/slim">

  <leader>     nam a22     7a 4500</leader>
  <datafield tag="999" ind1=" " ind2=" ">
    <subfield code="c">149063</subfield>
    <subfield code="d">149061</subfield>
  </datafield>
  <controlfield tag="005">20190613100834.0</controlfield>
  <controlfield tag="008">190613b        mx ||||| |||| 00| 0 spa d</controlfield>
  <datafield tag="020" ind1=" " ind2=" ">
    <subfield code="a">9786077111614</subfield>
  </datafield>
  <datafield tag="050" ind1="0" ind2="4">
    <subfield code="a">GT3471.M6</subfield>
    <subfield code="b">R65 2013</subfield>
  </datafield>
  <datafield tag="100" ind1="1" ind2=" ">
    <subfield code="a">Rojas Rabiela, Teresa</subfield>
  </datafield>
  <datafield tag="245" ind1="1" ind2="0">
    <subfield code="a">Cien ventanas a los paisajes de anta&#xF1;o</subfield>
    <subfield code="b"> : fotograf&#xED;as del campo mexicano de hace un siglo</subfield>
    <subfield code="c"> / Teresa Rojas Rabiela, Ignacio Guti&#xE9;rrez Ruvalcaba</subfield>
  </datafield>
  <datafield tag="246" ind1="0" ind2="1">
    <subfield code="a">100 ventanas a los paisajes de anta&#xF1;o</subfield>
    <subfield code="b"> : fotograf&#xED;as del campo mexicano de hace un siglo</subfield>
  </datafield>
  <datafield tag="250" ind1=" " ind2=" ">
    <subfield code="a">1a ed. </subfield>
  </datafield>
  <datafield tag="260" ind1=" " ind2=" ">
    <subfield code="a">M&#xE9;xico : </subfield>
    <subfield code="b">Consejo Nacional de Ciencia y Tecnolog&#xED;a : </subfield>
    <subfield code="b">Red de Etnoecolog&#xED;a y Patrimonio Biocultural : </subfield>
    <subfield code="b">Juan Pablos editor, </subfield>
    <subfield code="c">2013</subfield>
  </datafield>
  <datafield tag="300" ind1=" " ind2=" ">
    <subfield code="a">275 p. : </subfield>
    <subfield code="b">fot., </subfield>
    <subfield code="c">20 cm. </subfield>
  </datafield>
  <datafield tag="500" ind1=" " ind2=" ">
    <subfield code="a">Incluye &#xED;ndice de fotograf&#xED;as. </subfield>
  </datafield>
  <datafield tag="650" ind1=" " ind2="7">
    <subfield code="2">lemb</subfield>
    <subfield code="a">Vida rural</subfield>
    <subfield code="z">M&#xE9;xico </subfield>
    <subfield code="x">Historia</subfield>
    <subfield code="y">Siglo XX</subfield>
    <subfield code="v">Obras pict&#xF3;ricas</subfield>
  </datafield>
  <datafield tag="650" ind1=" " ind2="7">
    <subfield code="2">lemb</subfield>
    <subfield code="a"> Paisajes</subfield>
    <subfield code="z">M&#xE9;xico</subfield>
    <subfield code="v">Obras pict&#xF3;ricas</subfield>
  </datafield>
  <datafield tag="700" ind1="1" ind2=" ">
    <subfield code="a">Guti&#xE9;rrez Ruvalcaba, Ignacio,</subfield>
    <subfield code="d">1961- </subfield>
  </datafield>
  <datafield tag="942" ind1=" " ind2=" ">
    <subfield code="2">lcc</subfield>
    <subfield code="c">LIB</subfield>
  </datafield>
  <datafield tag="952" ind1=" " ind2=" ">
    <subfield code="1">0</subfield>
    <subfield code="2">lcc</subfield>
    <subfield code="4">0</subfield>
    <subfield code="7">0</subfield>
    <subfield code="a">INV-033</subfield>
    <subfield code="b">INV-033</subfield>
    <subfield code="c">GENERAL</subfield>
    <subfield code="d">2019-06-13</subfield>
    <subfield code="k">CNE</subfield>
    <subfield code="o">GT3471.M6 R65 2013</subfield>
    <subfield code="p">IIH000027743</subfield>
    <subfield code="r">2019-06-13 00:00:00</subfield>
    <subfield code="t">C:1</subfield>
    <subfield code="v">1.00</subfield>
    <subfield code="y">LIB</subfield>
  </datafield>
  <datafield tag="952" ind1=" " ind2=" ">
    <subfield code="1">0</subfield>
    <subfield code="2">lcc</subfield>
    <subfield code="4">0</subfield>
    <subfield code="7">0</subfield>
    <subfield code="a">INV-033</subfield>
    <subfield code="b">INV-033</subfield>
    <subfield code="c">GENERAL</subfield>
    <subfield code="d">2019-06-13</subfield>
    <subfield code="k">CNE</subfield>
    <subfield code="o">GT3471.M6 R65 2013</subfield>
    <subfield code="p">IIH000027744</subfield>
    <subfield code="r">2019-06-13 00:00:00</subfield>
    <subfield code="t">C:2</subfield>
    <subfield code="v">1.00</subfield>
    <subfield code="y">LIB</subfield>
  </datafield>
  <datafield tag="952" ind1=" " ind2=" ">
    <subfield code="1">0</subfield>
    <subfield code="2">lcc</subfield>
    <subfield code="4">0</subfield>
    <subfield code="7">0</subfield>
    <subfield code="a">INV-033</subfield>
    <subfield code="b">INV-033</subfield>
    <subfield code="c">GENERAL</subfield>
    <subfield code="d">2019-06-13</subfield>
    <subfield code="k">CNE</subfield>
    <subfield code="o">GT3471.M6 R65 2013</subfield>
    <subfield code="p">IIH000027745</subfield>
    <subfield code="r">2019-06-13 00:00:00</subfield>
    <subfield code="t">C:3</subfield>
    <subfield code="v">1.00</subfield>
    <subfield code="y">LIB</subfield>
  </datafield>
</record>
